Príjmová chudoba a sociálne vylúčenie slovenských domácností vo vzťahu k relevantným faktorom
Vymedzenie vysvetľovaných premenných a výber vysvetľujúcich premenných. Kvantifikácia vplyvu relevantných faktorov na riziko chudoby a sociálneho vylúčenia slovenských domácností. Predikcia najzávažnejšieho stupňa chudoby a sociálneho vylúčenia slovenských domácností v závislosti od signifikantných...
Uložené v:
| Hlavný autor: | |
|---|---|
| Ďalší autori: | |
| Médium: | Kapitola |
| Jazyk: | Slovak |
| Predmet: | |
| Tagy: |
Žiadne tagy, Buďte prvý, kto otaguje tento záznam!
|
MARC
| LEADER | 00000naa$a2200000$$$4500 | ||
|---|---|---|---|
| 001 | 0249130 | ||
| 005 | 20240502074002.1 | ||
| 041 | 0 | |a slo | |
| 044 | |a SK | ||
| 245 | 1 | 0 | |a Príjmová chudoba a sociálne vylúčenie slovenských domácností vo vzťahu k relevantným faktorom |c Erik Šoltés, Tatiana Šoltésová |
| 520 | |a Vymedzenie vysvetľovaných premenných a výber vysvetľujúcich premenných. Kvantifikácia vplyvu relevantných faktorov na riziko chudoby a sociálneho vylúčenia slovenských domácností. Predikcia najzávažnejšieho stupňa chudoby a sociálneho vylúčenia slovenských domácností v závislosti od signifikantných faktorov. | ||
| 610 | 2 | 0 | |a chudoba |
| 610 | 2 | 0 | |a chudobní |
| 610 | 2 | 0 | |a vylúčenie sociálne |
| 610 | 2 | 0 | |a domácnosti |
| 610 | 2 | 0 | |a vzdelanie |
| 610 | 2 | 0 | |a dospelí |
| 610 | 2 | 0 | |a deti |
| 610 | 2 | 0 | |a modely logistické |
| 610 | 2 | 0 | |a Slovensko |
| 100 | 1 | |a Šoltés, Erik, 1974- | |
| 700 | 1 | |a Šoltésová, Tatiana, 1975- | |